| 000 | 01017cam a22002054a 4500 | ||
|---|---|---|---|
| 005 | 20250605164119.0 | ||
| 008 | 250528s ||||||||||||||||||||||||d | ||
| 035 | _a18207 | ||
| 020 | _a805375651 | ||
| 040 |
_aGR-AtMCL _bgre _dGR-AtMCL _eAACR2 |
||
| 245 | 1 | _aA Practical Guide to the Unix System / Third Edition | |
| 250 | _a3rd | ||
| 260 |
_bThe Benjamin/Cummings, _c1995 |
||
| 300 | _a800 | ||
| 520 | _aThis book provides clear, straightforward coverage of a wide range of UNIX command and utilities. The UNIX System, The UNIX Operating System, Getting Started, An Introduction to the Utilities, The File Structure, The Shell, Graphical User Interfaces, Networking, The vi Editor, The Emacs Editor, The Bourne Shell, The C Shell, The Korn Shell and Advanced Shell Programming, Programming Tools, System Administration, The UNIX Utility Programs, Regular Expressions, DEC Ultrix, The POSIX Standards, Glossary, Index. | ||
| 700 | 1 |
_aSobell Mark G _94496 |
|
| 942 | _cBK | ||
| 999 |
_c3584 _d3584 |
||